[Event "Bad Woerishofen op"]
[Site "?"]
[Date "2001.??.??"]
[Round "1"]
[White "Schweitzer, Paul"]
[Black "Rolle, Eric"]
[Result "0-1"]
[WhiteElo "1571"]
[BlackElo "2113"]
[Annotator "ChessOrg"]
[PlyCount "106"]
[EventDate "2000.??.??"]

1. Nf3 {D02: Damenbauernspiele} 1... d5 2. d4 Nf6 3. g3 Bf5 4. Bg2 e6 5. Nbd2
Nbd7 6. O-O Bd6 7. c4 c6 8. a3 {letzter Buchzug} 8... a5 9. b3 O-O 10. Bb2 Qe7
11. Ne5 Bxe5 12. dxe5 Ng4 13. e4 (13. h3 $5 13... Ngxe5 14. g4 Bxg4 15. hxg4
Nxg4 16. e4 $14) 13... dxe4 $15 14. Nxe4 Ngxe5 15. a4 Rfd8 16. Qd6 (16. Ba3 $5
16... c5 17. Qd6 $15) 16... Qxd6 $17 17. Nxd6 Nd3 18. Ba3 N7c5 19. Rad1 Bg6 20.
f4 Rd7 (20... Nxb3 $6 21. f5 Bxf5 22. Rxf5 exf5 23. Rxd3 $11) 21. f5 exf5 (
21... Rxd6 22. fxg6 Rad8 23. gxf7+ (23. Rxf7 $143 23... hxg6 24. Re7 24... R6d7
$15) 23... Kf8 24. Be4 Nxe4 25. Rxd3 $16) 22. Nxf5 Rad8 23. Bxc5 Nxc5 24. Ne7+
Kf8 25. Rxd7 Rxd7 26. Nxg6+ hxg6 27. Rb1 Rd3 28. b4 axb4 29. Rxb4 Rb3 30. Rxb3
Nxb3 31. Kf2 Ke7 32. Ke3 Kd6 33. h4 Kc5 34. Kd3 Na5 35. Bh3 Nxc4 36. Bc8 Nd6
37. Bd7 Kd5 (37... Kb4 38. g4 $19) 38. g4 (38. Bg4 f5 39. Bd1 39... Ne4 $19)
38... f5 (38... Ne4 39. Ke3 $19) 39. h5 (39. Ke3 fxg4 40. Bxg4 Nf5+ 41. Kf4
41... Nxh4 $19) 39... gxh5 40. gxh5 c5 41. Kd2 Kd4 42. Kc2 c4 43. Kd2 c3+ 44.
Kc2 Nc4 45. Bc8 b6 46. Bd7 Ne3+ 47. Kc1 f4 48. Bc8 (48. Bc6 $19) 48... f3 49.
Be6 f2 50. Bh3 f1=Q+ (50... Ke4 $5 51. a5 Kf3 52. axb6 $19) 51. Bxf1 Nxf1 52.
Kc2 Ne3+ 53. Kc1 Kd3 (53... Kd3 54. a5 bxa5 55. h6 gxh6 56. Kb1 c2+ 57. Kc1 h5
58. Kb2 Kd2 59. Kb3 c1=Q 60. Ka4 Qc5 61. Kb3 Qc2+ 62. Ka3 Nc4#) 0-1

[Event "Bad Woerishofen op"]
[Site "Bad Woerishofen"]
[Date "2001.??.??"]
[Round "3"]
[White "Schweitzer, Paul"]
[Black "Malzer, Werner"]
[Result "0-1"]
[WhiteElo "1571"]
[BlackElo "1854"]
[Annotator "ChessOrg"]
[PlyCount "38"]
[EventDate "1998.03.05"]
[Source "ChessBase"]
[SourceDate "1998.04.29"]

1. Nf3 {D02: Damenbauernspiele} 1... Nf6 2. d4 d5 3. g3 e6 4. Bg2 Be7 5. O-O
O-O 6. a4 {letzter Buchzug} 6... b6 7. Nbd2 Bb7 8. b3 Nbd7 9. Bb2 c5 10. Ne5 (
10. Rc1 10... Bd6 $11) 10... Qc7 11. Nxd7 Nxd7 12. Rc1 Rac8 13. c4 dxc4 14.
Bxb7 Qxb7 15. Nxc4 Rcd8 (15... Rfd8 16. Qc2 $15) 16. e3 Nf6 17. Qc2 Ne4 18. a5
(18. f3 $142 18... Ng5 19. Kg2 $11) 18... Ng5 $19 19. Ne5 $4 (19. e4 $142 19...
Nf3+ 20. Kh1 Nxd4 21. Bxd4 cxd4 22. Qd3 $19) 19... Nh3# 0-1

[Event "Bad Woerishofen op"]
[Site "Bad Woerishofen"]
[Date "2001.??.??"]
[Round "5"]
[White "Schweitzer, Paul"]
[Black "Pruess, Martin"]
[Result "0-1"]
[WhiteElo "1571"]
[BlackElo "1840"]
[Annotator "ChessOrg"]
[PlyCount "104"]
[EventDate "1998.03.05"]
[Source "ChessBase"]
[SourceDate "1998.04.29"]

1. d4 {A49: Koenigsindisch (ohne c2-c4)} 1... d6 2. Nf3 g6 3. g3 Bg7 4. Bg2 Nf6
5. O-O O-O 6. a4 Nbd7 7. Nbd2 {letzter Buchzug} 7... e5 8. dxe5 dxe5 9. a5 a6
10. c3 Re8 11. h4 h6 12. e4 Nf8 13. Qc2 Bg4 14. Re1 Nh5 15. Nc4 Qf6 16. Nh2 Be6
17. Ne3 c6 (17... Qd8 $5 $14 $142) 18. Neg4 $16 18... Qd8 19. Nxh6+ Kh7 20.
N6g4 Qc8 21. Ne3 Qc7 22. Nf3 f6 23. c4 Rad8 24. Bd2 Rd7 25. Rad1 Red8 26. Bc3
Bh6 27. b3 Bxe3 (27... Rxd1 28. Nxd1 (28. Rxd1 $6 28... Nxg3 29. Rxd8 29...
Qxd8 $11) 28... b5 29. Ne3 $16) 28. Rxd7+ Qxd7 29. Rxe3 (29. fxe3 $143 29...
Nxg3 30. Bb4 30... Qc7 $15) 29... Bh3 (29... c5 $16 $142) 30. Re1 $4 (30. Bxh3
$142 30... Qxh3 31. Bxe5 $18) 30... Bxg2 $14 31. Kxg2 31... Ne6 $4 (31... Nf4+
$142 32. gxf4 Qg4+ 33. Kh2 Qxf4+ 34. Kg2 Qg4+ 35. Kh2 35... Qxf3 $17) 32. Nh2
Qd3 33. Qxd3 (33. Qc1 $5 $16 $142) 33... Rxd3 $11 34. Re3 Rxe3 35. fxe3 Nc5 36.
g4 Ng7 37. Kf3 Nxb3 38. g5 fxg5 39. hxg5 Ne6 40. Kg4 (40. Bxe5 $143 40... Nxa5
41. Ke2 41... Nxc4 $17) 40... Nec5 41. Bxe5 (41. Nf3 $5 $11 $142) 41... Nxa5
$17 42. Bc7 (42. Bd4 $5 $142 42... Nd3 43. Kf3 Nxc4 44. Ng4 $17) 42... Nxc4 $19
43. e5 (43. Kf3 43... Kg7 $19) 43... a5 44. Kf3 (44. Bd6 44... Ne6 $19 (44...
Nxe3+ $6 45. Kf3 $11)) 44... a4 45. Bd6 (45. Bd8 a3 46. e6 46... Nxe6 $19)
45... Ne6 (45... Nxd6 $5 $142 46. exd6 a3 47. Ng4 $19) 46. Be7 (46. Bb4 Nxg5+
47. Ke2 47... Nxe5 $19) 46... a3 (46... c5 $142 47. Bxc5 Nxe5+ 48. Ke2 48...
Nxc5 $19) 47. Ng4 (47. Bb4 $19) 47... a2 48. Nf6+ Kg7 49. Ne4 Kf7 50. Bf6 a1=Q
51. Nd6+ Nxd6 52. exd6 Qxf6+ (52... Qxf6+ 53. gxf6 53... Kxf6 $19) (52... Qf1+
$142 53. Kg3 53... Nc5 $19) 0-1

[Event "Bad Woerishofen op"]
[Site "Bad Woerishofen"]
[Date "2001.??.??"]
[Round "2"]
[White "Schoen, Rudolf"]
[Black "Walther, Alexander"]
[Result "1/2-1/2"]
[WhiteElo "2010"]
[BlackElo "1743"]
[Annotator "ChessOrg"]
[PlyCount "122"]
[EventDate "1998.03.05"]
[Source "ChessBase"]
[SourceDate "1998.04.29"]

1. e4 {B12: Caro-Kann (Vorstoss-Variante)} 1... c6 2. d4 d6 3. c4 Qc7 4. Nc3 e5
5. Nf3 Bg4 6. Be2 6... Nf6 {letzter Buchzug} 7. O-O Nbd7 8. Bg5 Be7 9. Bh4 (9.
Be3 9... O-O $11) 9... Nb6 (9... Nxe4 10. Nxe4 Bxf3 11. Bxf3 Bxh4 12. dxe5 dxe5
13. Nd6+ Kf8 14. Nf5 $17) 10. b3 (10. Qd3 Nxe4 11. Qxe4 11... f5 $16) 10... Nh5
(10... Nxe4 11. Nxe4 Bxf3 12. Bxf3 Bxh4 13. c5 dxc5 14. dxc5 $15) 11. Bxe7 $11
11... Qxe7 12. h3 Bxf3 13. Bxf3 Nf4 14. Ne2 g5 (14... Nxe2+ 15. Bxe2 O-O 16.
Bg4 $11) 15. Kh2 O-O-O (15... Nxe2 16. Bxe2 exd4 17. Qxd4 $11) 16. Nxf4 $14
16... gxf4 17. d5 c5 18. g3 (18. Qc2 18... Qc7 $14) 18... Qg5 $11 19. Qc1 fxg3+
20. fxg3 Qxc1 21. Raxc1 Rdf8 22. Bh5 f6 23. Rc2 Kd8 24. Rcf2 Ke7 25. Bg4 Na8
26. Rf5 Nc7 27. a3 a5 28. Be2 h6 29. Kg2 Rhg8 30. Rb1 Na6 31. Rh5 Rg6 32. Rh4
Rh8 33. Bg4 Rhg8 34. Kh2 Rh8 35. Rf1 Rg5 36. Rf5 Nc7 37. Rf1 (37. Rf3 37... b5
$14) 37... Ne8 (37... Na6 $5 $11) 38. b4 $14 38... axb4 39. axb4 cxb4 40. Rb1
Kd8 41. Rxb4 Kc7 42. Rb2 h5 43. Rf2 Rh6 44. Ra2 Kb8 (44... Ng7 45. Be6 $11) 45.
Ra5 (45. Be6 45... Ng7 $16) 45... b6 (45... Ng7 $5 $14) 46. Ra6 Kb7 47. Ra2 Rh7
48. Rf2 Kc7 49. Bd1 Rh6 50. Ra2 f5 51. exf5 Rxf5 52. g4 Rg5 53. Rxh5 Rgxh5 54.
gxh5 Nf6 55. Rf2 (55. Ra7+ $5 55... Kd8 56. Rb7 $16) 55... Nxh5 56. Rf7+ Kb8
57. Bxh5 Rxh5 58. Kg3 Rg5+ 59. Kf3 59... b5 $2 (59... Kc8 $14 $142) 60. cxb5
$18 60... Rg1 61. Ke4 (61. Rd7 $18 $142) 61... Re1+ $16 1/2-1/2

[Event "Bad Woerishofen op"]
[Site "Bad Woerishofen"]
[Date "2001.??.??"]
[Round "4"]
[White "Schoen, Rudolf"]
[Black "Haecker, Roland"]
[Result "1/2-1/2"]
[WhiteElo "2010"]
[BlackElo "1723"]
[Annotator "ChessOrg"]
[PlyCount "92"]
[EventDate "1998.03.05"]
[Source "ChessBase"]
[SourceDate "1998.04.29"]

1. e4 {C99: Spanische Partie (Tschigorin-System)} 1... e5 2. Nf3 Nc6 3. Bb5 a6
4. Ba4 Nf6 5. O-O Be7 6. Re1 b5 7. Bb3 d6 8. c3 Na5 9. Bc2 c5 10. d4 Qc7 11. h3
O-O 12. Nbd2 cxd4 13. cxd4 Bd7 14. Nf1 Rac8 15. Ne3 Rfe8 16. b3 Bf8 17. Bb2 Nc6
18. Rc1 18... Qb8 {letzter Buchzug} 19. d5 Ne7 20. Nh2 Ng6 21. Nhg4 (21. b4
21... Rc7 $14) 21... Nxg4 $11 22. Nxg4 Be7 23. Bd3 Bg5 24. Rxc8 Qxc8 25. Ne3
Bxe3 26. Rxe3 Qb8 27. Kh2 Rf8 28. Qf3 Nf4 29. Bf1 f5 30. exf5 (30. g3 fxe4 31.
Qxe4 31... Bf5 $11) 30... Bxf5 $17 31. g4 Bd7 (31... Bg6 32. Bg2 $17) 32. Qe4
Qb6 (32... Bc8 33. Kg1 $17) 33. Rf3 $15 33... Qc5 34. Bg2 a5 35. Bc3 b4 (35...
Qa3 36. Qb1 $15) 36. Bd2 $11 36... Nxg2 37. Rxf8+ (37. Kxg2 $143 37... Rxf3 38.
Qxf3 38... Bc8 $17) 37... Kxf8 38. Kxg2 Kg8 39. f4 Qc7 40. fxe5 dxe5 41. Be1
Be8 42. Bg3 Bf7 43. Bxe5 (43. d6 Qxd6 44. Qa8+ Qf8 45. Qxa5 45... e4 $14) 43...
Qc5 44. Qd4 Bxd5+ 45. Kg3 Qxd4 46. Bxd4 Be4 1/2-1/2

[Event "Bad Woerishofen op"]
[Site "Bad Woerishofen"]
[Date "2001.??.??"]
[Round "6"]
[White "Schoen, Rudolf"]
[Black "Fabian, Laszlo"]
[Result "1-0"]
[WhiteElo "2010"]
[BlackElo "1800"]
[Annotator "ChessOrg"]
[PlyCount "107"]
[EventDate "1998.03.05"]
[Source "ChessBase"]
[SourceDate "1998.04.29"]

1. e4 {C90: Spanische Partie (Abweichungen von der Hauptvariante)} 1... e5 2.
Nf3 Nc6 3. Bb5 a6 4. Ba4 Nf6 5. O-O Be7 6. Re1 b5 7. Bb3 d6 8. c3 Na5 9. Bc2 c5
10. h3 Qc7 11. d4 11... cxd4 {letzter Buchzug} 12. cxd4 Nc6 (12... Bb7 13. Bg5
$11) 13. a4 b4 14. d5 Na5 15. Nbd2 O-O 16. Nf1 Rb8 17. b3 Bd7 18. Bd2 Rfc8 19.
Ne3 g6 20. Rb1 Nh5 21. Bd3 Qb7 22. Nc2 Rxc2 (22... Nf4 $5 $142 23. Bf1 Rc3 24.
Bxc3 24... bxc3 $18) 23. Bxc2 $18 23... Bd8 24. Bd3 Bc8 25. Qe2 Ra8 26. Rec1
Bd7 27. Kh2 Kg7 (27... f5 28. Ng5 fxe4 29. Bxe4 $18) 28. g3 Nf6 29. Ne1 Bc8 30.
Nc2 Qd7 31. Qf1 (31. Nxb4 $6 31... Qxh3+ 32. Kg1 32... Ng4 $11) (31. Bxb4 $6
31... Qxh3+ 32. Kg1 32... Ng4 $16) 31... Nb7 32. Bxb4 (32. Bxa6 Rxa6 33. Qxa6
Qxh3+ 34. Kg1 34... Ng4 $15) 32... Bb6 33. Ne3 (33. Bxa6 $6 33... Rxa6 34. f3
34... Ra8 $16) 33... Bc5 34. Bd2 h5 (34... Ba3 35. Rc4 a5 36. Nc2 $18) 35. b4 (
35. Bxa6 Nxe4 36. Rb2 Rxa6 37. Qxa6 Qxh3+ 38. Kg1 Nxg3 39. fxg3 Qxg3+ 40. Kf1
Qf3+ 41. Ke1 41... Bxe3 $19) 35... Bxe3 36. Bxe3 Nd8 (36... Qxa4 37. Ra1 Qxb4
38. Rxa6 Rxa6 39. Bxa6 $18 (39. Rxc8 $6 39... Ra2 $14)) 37. b5 Nh7 (37... axb5
38. axb5 Ra3 39. Bc2 $18) 38. bxa6 Qe7 (38... Nf6 39. a7 Bb7 40. a5 Nxd5 41.
exd5 Bxd5 42. Rb8 $18) 39. a7 (39. Rxc8 Rxc8 40. a7 40... Ra8 $18) 39... Bb7
40. Ba6 f5 (40... Ng5 41. Bxg5 Qxg5 42. Bxb7 Rxa7 43. Bc6 $18) 41. Bxb7 Nxb7
42. Qa6 Nd8 43. Rb8 f4 (43... Rxa7 44. Bxa7 44... fxe4 $18) 44. Rxa8 fxe3 45.
fxe3 Ng5 46. Rxd8 $1 46... Nxe4 47. Rxd6 $1 47... Nxd6 (47... Qxd6 48. Qxd6)
48. Qxd6 $1 48... Qxd6 49. a8=Q Qb4 (49... Qd7 50. Rc8 50... Kh6 $18) 50. Rc7+
Kf6 51. Qc6+ (51. Qd8+ Kf5 52. e4+ Kxe4 53. Qh4+ Ke3 54. Qxb4 Ke2 55. Qe4+ Kd1
56. Rc2 g5 57. Qe2#) 51... Kg5 52. Qc2 Qe1 53. e4 (53. Rc6 e4 54. h4+ Kf5 55.
Qb2 Kg4 56. Qg2 Qxe3 57. Rf6 Qd2 58. Qxd2 e3 59. Rf4#) 53... Qb4 54. h4+ (54.
h4+ Kh6 55. Qc1+ Qd2+ 56. Qxd2+ g5 57. Qxg5#) 1-0

[Event "Bad Woerishofen op"]
[Site "Bad Woerishofen"]
[Date "2001.??.??"]
[Round "8"]
[White "Schoen, Rudolf"]
[Black "Grau, Helmut"]
[Result "1-0"]
[WhiteElo "2010"]
[BlackElo "1752"]
[Annotator "ChessOrg"]
[PlyCount "69"]
[EventDate "1998.03.05"]
[Source "ChessBase"]
[SourceDate "1998.04.29"]

1. e4 {B09: Pirc-Ufimzew-Verteidigung (Dreibauernangriff)} 1... d6 2. d4 Nf6 3.
Nc3 g6 4. f4 Bg7 5. Nf3 O-O 6. Be2 6... Nbd7 {letzter Buchzug} 7. e5 Ne8 8. Be3
c6 9. Qd2 Qa5 10. O-O-O (10. O-O 10... Nc7 $14) 10... b5 11. Kb1 e6 (11... b4
12. Ne4 $11) 12. h4 f5 13. Rdg1 Nb6 (13... b4 $5 $142 14. Nd1 14... h5 $14) 14.
h5 $16 14... Ba6 15. hxg6 hxg6 16. Ng5 b4 17. Nd1 Bxe2 (17... Nc4 18. Qe1 dxe5
19. dxe5 Nxe3 20. Qh4 $18) 18. Qxe2 Qd5 (18... dxe5 19. fxe5 Nc7 20. g4 $18)
19. b3 (19. g4 $142 19... fxg4 20. Qh2 $18 (20. Qxg4 $6 20... Rf5 $18)) 19...
a5 $4 (19... Nc7 $18 $142) 20. c4 $1 20... bxc3 (20... Nxc4 21. bxc4) 21. Nxc3
a4 22. Nxd5 Nxd5 23. Bd2 axb3 24. axb3 Nec7 25. exd6 Bxd4 26. dxc7 Ra1+ 27. Kc2
Ra2+ 28. Kd3 e5 (28... Nxf4+ 29. Bxf4 Rxe2 30. Kxe2 $18) 29. fxe5 (29. Rh6 Rfa8
30. Rgh1 Rxd2+ 31. Qxd2 Nxf4+ 32. Kc4 32... Kg7 $18) 29... Nxc7 (29... Bxg1 30.
Qf3 Rxd2+ 31. Kxd2 Be3+ 32. Ke1 Bxg5 33. Qg3 $18) 30. Kxd4 (30. Rh6 $142 30...
Rd8 31. Rxg6+ Kf8 32. Nh7+ Ke8 33. Rg8+ Kd7 34. Nf6+ Ke7 35. Rxd8 Kxd8 36. Kxd4
Ne6+ 37. Ke3 f4+ 38. Ke4 38... Kc7 $18) 30... Rd8+ 31. Ke3 f4+ 32. Kxf4 Raxd2
33. Qc4+ Nd5+ 34. Kg3 Rf8 35. Rh8+ $1 (35. Rh8+ Kg7 36. Rh7+ Kg8 37. Qh4 Rxg2+
38. Rxg2 Rf3+ 39. Kxf3 c5 40. Rh8+ Kg7 41. Qh7#) 1-0

[Event "Bad Woerishofen op"]
[Site "?"]
[Date "2001.??.??"]
[Round "1"]
[White "Seidel, Sandra"]
[Black "Buchner, Rudolf"]
[Result "1/2-1/2"]
[WhiteElo "1800"]
[BlackElo "2200"]
[Annotator "ChessOrg"]
[PlyCount "120"]
[EventDate "2000.??.??"]

1. d4 {D85: Gruenfeld-Verteidigung (Hauptfortsetzung)} 1... Nf6 2. Nf3 g6 3. c4
Bg7 4. Nc3 d5 5. cxd5 Nxd5 6. e4 Nxc3 7. bxc3 c5 8. h3 8... Nc6 {
letzter Buchzug} 9. Be3 Qa5 10. Qd2 O-O 11. Rd1 Be6 12. Be2 (12. Rb1 12... b6
$11) 12... Rad8 (12... Bxa2 $143 13. Ra1 cxd4 14. Nxd4 (14. cxd4 $143 14...
Qxd2+ 15. Kxd2 15... Nb4 $15) 14... Nxd4 15. Rxa2 (15. cxd4 Qxd2+ 16. Kxd2
16... Be6 $11) 15... Qxc3 16. Qxc3 Nf3+ 17. Bxf3 Bxc3+ 18. Ke2 $18) (12... Qxa2
$143 13. d5 (13. dxc5 $143 13... Rfd8 14. Bd4 14... Qa5 $15) 13... Qa3 14. Qc1
(14. dxe6 $4 14... Bxc3 15. exf7+ 15... Kh8 $19) 14... Bxc3+ 15. Nd2 $14) 13.
O-O Bc8 (13... f5 $5 $15 $142) 14. Bh6 $14 14... cxd4 15. Bxg7 Kxg7 16. cxd4 (
16. Nxd4 $143 16... e5 17. Nxc6 Rxd2 18. Nxa5 18... Rxe2 $15) 16... Qxd2 17.
Rxd2 (17. Nxd2 $143 17... Nxd4 18. Bd3 18... Be6 $19) 17... b6 18. Rfd1 Na5 19.
Ne5 (19. Rc2 $5 $14) 19... Bb7 $15 20. f3 Rc8 21. d5 Rfd8 22. Ng4 h5 23. Ne3
Rc3 24. Kf2 Rdc8 25. Rd3 Rxd3 26. Rxd3 f6 27. Rd2 Kf7 28. Bb5 Rc5 29. Bd7 h4
30. Be6+ Kf8 31. Rc2 Rxc2+ 32. Nxc2 Nc4 33. Bd7 (33. Nd4 33... g5 $14) 33...
Ne5 $11 34. Bb5 a6 35. Be2 g5 36. Nd4 Ke8 37. Ne6 Kd7 38. g3 hxg3+ 39. Kxg3 Kd6
40. f4 gxf4+ 41. Nxf4 Bc8 42. h4 b5 43. Nd3 (43. Kf2 43... f5 $14) 43... Nf7 (
43... f5 $5 $11) 44. Bg4 $14 44... Bb7 45. Kf4 a5 46. Be6 Nh6 47. Nf2 (47. e5+
fxe5+ 48. Kg5 48... e4 $16) 47... b4 $14 48. Ng4 (48. Nd3 Ba6 49. Nc1 49... a4
$14) 48... Nxg4 $11 49. Bxg4 (49. Kxg4 $2 49... a4 50. h5 b3 51. axb3 51...
axb3 $19) 49... a4 50. Bd1 b3 51. Bxb3 (51. axb3 a3) 51... axb3 52. axb3 Bc8 (
52... Kd7 $5 $11) 53. h5 $14 53... e5+ 54. dxe6 Kxe6 55. b4 Bd7 56. h6 Kf7 57.
b5 (57. e5 fxe5+ 58. Kxe5 58... Kg6 $14) 57... Kg6 (57... Bxb5 58. e5 $11) 58.
b6 $14 58... Bc8 (58... Kxh6 $4 59. b7 $18) 59. h7 (59. e5 fxe5+ 60. Kxe5 60...
Kxh6 $11) 59... Kxh7 $11 60. b7 Bxb7 1/2-1/2

[Event "Bad Woerishofen op"]
[Site "Bad Woerishofen"]
[Date "2001.??.??"]
[Round "3"]
[White "Seidel, Sandra"]
[Black "Hohner, Karl-Heinz"]
[Result "1/2-1/2"]
[WhiteElo "1800"]
[BlackElo "2059"]
[Annotator "ChessOrg"]
[PlyCount "45"]
[EventDate "1998.03.05"]
[Source "ChessBase"]
[SourceDate "1998.04.29"]

1. d4 {D04: Damenbauernspiele} 1... Nf6 2. Nf3 d5 3. e3 c6 4. Bd3 Bg4 5. Nbd2
5... e6 {letzter Buchzug} 6. c3 Bd6 7. h3 Bh5 8. O-O O-O 9. e4 dxe4 10. Nxe4
Nxe4 11. Bxe4 Nd7 12. Bd3 Kh8 13. Be2 Qc7 14. Nd2 Bg6 15. Nc4 Be7 16. Bd3 Bxd3
17. Qxd3 Rad8 18. Qf3 Bf6 19. Bf4 e5 20. dxe5 Bxe5 (20... Nxe5 $2 21. Qg3 Rd5
22. Rfe1 $18) 21. Nxe5 Nxe5 22. Qg3 f6 23. Bxe5 1/2-1/2

[Event "Bad Woerishofen op"]
[Site "Bad Woerishofen"]
[Date "2001.??.??"]
[Round "5"]
[White "Seidel, Sandra"]
[Black "Gossmann, Ewald"]
[Result "1/2-1/2"]
[WhiteElo "1800"]
[BlackElo "2014"]
[Annotator "ChessOrg"]
[PlyCount "29"]
[EventDate "1998.03.05"]
[Source "ChessBase"]
[SourceDate "1998.04.29"]

1. d4 {D05: Damenbauernspiele (Colle-Aufbau)} 1... d5 2. Nf3 Nf6 3. e3 e6 4.
Bd3 c5 5. c3 Nc6 6. Nbd2 Be7 7. O-O Qc7 8. dxc5 Bxc5 9. e4 {letzter Buchzug}
9... dxe4 10. Nxe4 Nxe4 11. Bxe4 Be7 12. Bc2 b6 13. Ng5 h6 14. Ne4 Bb7 (14...
O-O $5 $15) 15. h3 (15. Qg4 $5 15... g6 16. Rd1 $11) 1/2-1/2

[Event "Bad Woerishofen op"]
[Site "Bad Woerishofen"]
[Date "2001.??.??"]
[Round "7"]
[White "Seidel, Sandra"]
[Black "Schiegg, Peter"]
[Result "0-1"]
[WhiteElo "1800"]
[BlackElo "2049"]
[Annotator "ChessOrg"]
[PlyCount "62"]
[EventDate "1998.03.05"]
[Source "ChessBase"]
[SourceDate "1998.04.29"]

1. d4 {E99: Koenigsindisch (Klassisches System)} 1... Nf6 2. Nf3 g6 3. c4 Bg7
4. Nc3 d6 5. e4 O-O 6. Be2 e5 7. O-O Nc6 8. d5 Ne7 9. Ne1 Nd7 10. Be3 f5 11. f3
f4 12. Bf2 g5 13. g4 fxg3 14. hxg3 Ng6 15. Be3 15... Nf6 {letzter Buchzug} 16.
Kg2 (16. Bxg5 h6 17. Bxf6 17... Qxf6 $16) 16... Qd7 17. Rh1 (17. Bxg5 $4 17...
Qh3+ 18. Kg1 Qxg3+ 19. Kh1 19... Qxg5 $19) 17... g4 18. Qd2 gxf3+ 19. Nxf3 Ng4
(19... Qe7 $5 $14) 20. Ng5 $16 20... Bh6 $2 (20... Nf6 $16 $142) 21. Bxg4 $18
21... Qxg4 22. Rxh6 Nf4+ 23. Bxf4 exf4 24. Ne6 (24. Nxh7 $142 24... Qxg3+ 25.
Kh1 $18) 24... Bxe6 25. dxe6 (25. Rxe6 fxg3 26. Qh6 Rf2+ 27. Kg1 27... Rh2 $19
(27... Rxb2 $2 28. Rf1 Rh2 29. Rf4 $18)) 25... fxg3 26. Qd1 $4 (26. Nd5 Rf2+
27. Kg1 $16) 26... Rf2+ $17 27. Kg1 Qg5 28. Rh3 28... Raf8 $4 (28... Rd2 $142
29. Qxd2 Qxd2 30. Rxg3+ 30... Kh8 $19) 29. Qh5 $4 (29. e7 $142 29... Qxe7 30.
Rxg3+ Kh8 31. Qd4+ Qf6 32. Qxf6+ R2xf6 33. Re1 $18) 29... Rf1+ $3 30. Rxf1 Qe3+
31. Kg2 Rf2+ (31... Rf2+ 32. Kg1 Rxf1+ 33. Kxf1 Qf2#) 0-1

[Event "Bad Woerishofen op"]
[Site "Bad Woerishofen"]
[Date "2001.??.??"]
[Round "9"]
[White "Seidel, Sandra"]
[Black "Thurner, Michael"]
[Result "1-0"]
[WhiteElo "1800"]
[BlackElo "1495"]
[Annotator "ChessOrg"]
[PlyCount "51"]
[EventDate "1998.03.05"]
[Source "ChessBase"]
[SourceDate "1998.04.29"]

1. d4 {E91: Koenigsindisch (Klassisches System)} 1... Nf6 2. Nf3 g6 3. c4 Bg7
4. Nc3 d6 5. e4 O-O 6. Be2 Bg4 7. O-O 7... Bxf3 {letzter Buchzug} 8. Bxf3 Nc6
9. Be3 e6 10. Rc1 Ne7 11. Qb3 Rb8 12. Rfd1 Qc8 13. d5 b6 14. Qa3 exd5 15. cxd5
Qd7 16. Be2 (16. Qxa7 $2 16... Ra8 17. Qxa8 17... Rxa8 $19) 16... a5 17. f3 Rb7
18. Nb5 Ne8 19. h3 f5 20. Rc2 fxe4 21. fxe4 Nc8 22. Rdc1 Qe7 23. Qd3 23... Rf7
$2 (23... h5 $16 $142) 24. Bg4 $18 24... Na7 25. Nxa7 Rxa7 26. Be6 (26. Be6 Kf8
27. Bxf7 Kxf7 28. Rf1+ Kg8 29. Bd4 $18) 1-0

[Event "Bad Woerishofen op"]
[Site "?"]
[Date "2001.??.??"]
[Round "1"]
[White "Seifert, Dierk"]
[Black "Walke, Guenter"]
[Result "1-0"]
[WhiteElo "2168"]
[BlackElo "1747"]
[Annotator "ChessOrg"]
[PlyCount "129"]
[EventDate "2000.??.??"]

1. c4 {A94: Hollaendische Verteidigung (Stonewall)} 1... f5 2. g3 Nf6 3. Bg2 e6
4. Nf3 c6 5. O-O d5 6. d4 Bd6 7. b3 O-O 8. Ba3 Bxa3 9. Nxa3 Nbd7 10. Nc2 10...
Qe8 {letzter Buchzug} 11. Nb4 Ne4 (11... dxc4 $5 12. bxc4 12... e5 $11) 12. Nd3
$14 12... Rf7 13. Nfe5 Nxe5 14. Nxe5 (14. dxe5 $6 14... dxc4 15. bxc4 15... Rd7
$11) 14... Rf6 15. f4 (15. e3 15... b6 $16) 15... Nd6 16. e3 Qe7 17. Bf3 Bd7
18. c5 Nf7 19. Nd3 Kh8 20. h4 (20. Bg2 20... b6 $14) 20... Nh6 21. Kf2 Be8 22.
Rh1 Ng8 23. h5 Rh6 24. g4 fxg4 25. Bxg4 Nf6 26. Bf3 Bf7 27. Ne5 Qe8 28. Nxf7+
Qxf7 29. Qe2 Rd8 30. Rag1 Ne8 31. Rg5 Qc7 32. b4 a6 33. a4 Ra8 34. Rb1 Rf6 35.
Qb2 b5 36. axb5 axb5 37. Ra1 Qb8 38. Rgg1 Rxa1 39. Qxa1 Rf8 40. Qa6 Qc7 41. Ra1
Nf6 42. Qa7 Qd8 43. Rg1 (43. Ke2 Ne4 44. Rg1 44... Rg8 $16) 43... Rg8 (43...
Nxh5 $5 44. Bxh5 Qh4+ 45. Rg3 Qh2+ 46. Rg2 Qh4+ 47. Kf1 Qh1+ 48. Rg1 Qh3+ 49.
Rg2 Qh1+ 50. Rg1 Qh3+ 51. Rg2 51... Qh1+ $11) 44. Qf7 $16 44... Qe8 45. Qxe8
Rxe8 46. Ra1 Kg8 47. Ra7 Rc8 48. Re7 Kf8 49. Rxe6 Kf7 50. f5 g6 51. hxg6+ hxg6
52. Re5 gxf5 53. Rxf5 Ra8 54. Kg3 Ra4 55. Kf4 Ke7 56. Re5+ Kf7 57. Kf5 Rxb4 58.
Re6 Ng8 59. Bh5+ Kg7 60. Ke5 Rb1 (60... Rb3 61. Kd6 (61. Rxc6 $6 61... Rxe3+
62. Kf4 Re4+ 63. Kg5 63... Ne7 $14) 61... Ra3 62. Be8 $18) 61. Rxc6 b4 (61...
Re1 62. Rg6+ 62... Kf8 $18) 62. Rc7+ Kh6 63. Bf7 b3 (63... Rg1 $18) 64. Bxg8 b2
65. Rb7 (65. Rb7 Re1 66. Rxb2 Rxe3+ 67. Kd6 $18) 1-0

[Event "Bad Woerishofen op"]
[Site "Bad Woerishofen"]
[Date "2001.??.??"]
[Round "3"]
[White "Seifert, Dierk"]
[Black "Sepp, Lothar"]
[Result "1/2-1/2"]
[WhiteElo "2168"]
[BlackElo "1866"]
[Annotator "ChessOrg"]
[PlyCount "42"]
[EventDate "1998.03.05"]
[Source "ChessBase"]
[SourceDate "1998.04.29"]

1. c4 {D10: Damengambit (Slawische Verteidigung)} 1... c6 2. d4 d5 3. cxd5 cxd5
4. Nc3 Nc6 5. Bf4 a6 6. e3 Nf6 7. Bd3 Bg4 8. f3 Bh5 9. Nge2 e6 10. O-O Bd6 11.
Rc1 Bg6 12. Na4 12... Bxd3 {letzter Buchzug} 13. Qxd3 Bxf4 14. Nxf4 Na5 15. Nc5
Rc8 16. b4 Nc4 17. e4 (17. Nxb7 Qb6 18. Nc5 Qxb4 19. Nxa6 19... Qa5 $16) 17...
b5 18. Rfe1 Rc6 19. e5 (19. exd5 Nxd5 20. Qe4 O-O 21. Nxd5 Qxd5 22. Qxd5 22...
exd5 $14) 19... Nd7 20. a4 (20. Qc3 Qh4 21. Nfd3 Nxc5 22. bxc5 22... a5 $11)
20... Nxc5 $15 21. dxc5 Nb2 (21... bxa4 22. Qd1 $17) 1/2-1/2

[Event "Bad Woerishofen op"]
[Site "Bad Woerishofen"]
[Date "2001.??.??"]
[Round "5"]
[White "Seifert, Dierk"]
[Black "Schneider, Heiko"]
[Result "0-1"]
[WhiteElo "2168"]
[BlackElo "2275"]
[Annotator "ChessOrg"]
[PlyCount "60"]
[EventDate "1998.03.05"]
[Source "ChessBase"]
[SourceDate "1998.04.29"]

1. c4 {A16: Englische Eroeffnung} 1... Nf6 2. Nc3 d5 3. cxd5 Nxd5 4. g3 g6 5.
Bg2 Nxc3 6. bxc3 Bg7 7. Rb1 Nd7 8. Nf3 O-O 9. O-O c5 10. c4 10... Nb6 {
letzter Buchzug} 11. d3 Bd7 12. Bb2 Bc6 13. Bxg7 (13. Qc1 Bxb2 14. Rxb2 14...
Qd6 $11) 13... Kxg7 14. Qc2 Kg8 15. Qc3 Qd6 16. Qe5 Nc8 17. Qg5 f6 18. Qh6 e5
19. Nh4 Bxg2 20. Nxg2 b6 21. Ne3 Ne7 22. g4 (22. f4 Qd4 23. fxe5 Nf5 (23...
fxe5 $143 24. Kh1 $11) 24. Rxf5 24... gxf5 $17) 22... Qd4 23. Qh3 Rad8 24. Qf3
Kg7 25. Rfd1 f5 26. gxf5 Nxf5 27. Nxf5+ (27. a3 Nxe3 28. Qxe3 28... Rf5 $15)
27... Rxf5 $17 28. Qe3 Qh4 29. f3 $2 (29. h3 $17 $142) 29... Rg5+ $19 30. Kh1
Rd4 (30... Rd4 31. f4 31... Rh5 $19 (31... exf4 $6 32. Qe7+ Kh6 33. Qf8+ Kh5
34. Qf7 $17)) 0-1